Customized Student Study Guide to Accompany Chemistry (Record no. 23735)

MARC details
000 -LEADER
fixed length control field 00666nam a22002177a 4500
003 - CONTROL NUMBER IDENTIFIER
control field OSt
005 - DATE AND TIME OF LATEST TRANSACTION
control field 20260609160544.0
008 - FIXED-LENGTH DATA ELEMENTS--GENERAL INFORMATION
fixed length control field 260609b |||||||| |||| 00| 0 eng d
020 ## - INTERNATIONAL STANDARD BOOK NUMBER
International Standard Book Number 0073048054
040 ## - CATALOGING SOURCE
Transcribing agency Chuka University Library
050 ## - LIBRARY OF CONGRESS CALL NUMBER
Classification number QD 40
Item number .C43 2005
100 ## - MAIN ENTRY--PERSONAL NAME
Personal name Chang Raymond
9 (RLIN) 952
245 ## - TITLE STATEMENT
Title Customized Student Study Guide to Accompany Chemistry
250 ## - EDITION STATEMENT
Edition statement 8th ed.
260 ## - PUBLICATION, DISTRIBUTION, ETC.
Place of publication, distribution, etc. Boston Burr Ridge
Name of publisher, distributor, etc. McGraw Hill
Date of publication, distribution, etc. 2005
300 ## - PHYSICAL DESCRIPTION
Extent xii 504 pages
Other physical details illustrated includes indexes
650 ## - SUBJECT ADDED ENTRY--TOPICAL TERM
Topical term or geographic name entry element Chemistry student Guide
9 (RLIN) 28102
700 ## - ADDED ENTRY--PERSONAL NAME
Personal name Neal Sharon [ed.]
9 (RLIN) 28103
700 ## - ADDED ENTRY--PERSONAL NAME
Personal name Lynne Ngel [production editor]
9 (RLIN) 28104
942 ## - ADDED ENTRY ELEMENTS (KOHA)
Source of classification or shelving scheme Library of Congress Classification
Koha item type Long Loan Books
Suppress in OPAC No
Holdings
Withdrawn status Lost status Source of classification or shelving scheme Damaged status Not for loan Collection Home library Current library Shelving location Date acquired Source of acquisition Total Checkouts Full call number Barcode Date last seen Price effective from Koha item type
    Library of Congress Classification     General Collection Books Main Campus Library Main Campus Library General Stacks 09/06/2026 Donation from Books for Africa   QD 40 .C43 2005 33718/2026 09/06/2026 09/06/2026 Long Loan Books

Powered by Koha